Wszystkie drużyny z PlusLigi 2022/2023 - Statystyki

Ogólne statystyki
  • Ten quiz został rozwiązany 132 razy
  • Średni wynik to 9 z 16
Statystyki odpowiedzi
. Klub % Poprawnych
. Jastrzębski Węgiel
90%
. ZAKSA Kędzierzyn-Koźle
88%
. Projekt Warszawa
74%
. Skra Bełchatów
68%
. Trefl Gdańsk
64%
. Resovia Rzeszów
63%
. Czarni Radom
55%
. AZS Olsztyn
54%
. Warta Zawiercie
54%
. GKS Katowice
52%
. Stal Nysa
49%
. LUK Lublin
48%
. Cuprum Lubin
45%
. Ślepsk Suwałki
37%
. BBTS Bielsko Biała
28%
. Każany Lwów
18%
Nie znaleziono quizów pasujących do podanych kryteriów
Rozkład punktacji
Procent ludzi z każdym wynikiem
Percentyl według liczby udzielonych odpowiedzi
Twoja historia wyników
Nie rozwiązałeś tego quizu